[Event "CZE-chT2D 1516"]
[Site "Czech Republic"]
[Date "2016.01.10"]
[Round "5.1"]
[White "Vanek, Ladislav"]
[Black "Strasil, Pavel"]
[Result "1-0"]
[WhiteElo "2244"]
[BlackElo "2099"]
[PlyCount "81"]
[EventDate "2015.10.18"]
[EventType "team-tourn"]
[EventRounds "11"]
[EventCountry "CZE"]
[SourceTitle "EXT 2022"]
[Source "ChessBase"]
[SourceDate "2021.10.06"]
[SourceVersion "1"]
[SourceVersionDate "2021.10.06"]
[SourceQuality "1"]
[WhiteTeam "Litovel Tatran II"]
[BlackTeam "Zabreh"]
[WhiteTeamCountry "CZE"]
[BlackTeamCountry "CZE"]

1. d4 Nf6 2. c4 g6 3. Nc3 Bg7 4. e4 d6 5. Nf3 0-0 6. Be2 e5 7. dxe5 dxe5 8. Qxd8 Rxd8 9. Bg5 c6 10. Nxe5 Re8 11. 0-0-0 Nxe4 12. Nxe4 Bxe5 13. Bf3 Na6 14. Nd6 Bxd6 15. Rxd6 Be6 16. b3 Kg7 17. Rhd1 Rac8 18. Be3 Ra8 19. g4 Kf8 20. Kb2 Rec8 21. g5 Ke8 22. R6d4 Kf8 23. Bf4 Nc7 24. Bd6+ Kg8 25. Be7 Ne8 26. Kc3 Ng7 27. Rd8+ Rxd8 28. Bxd8 Kf8 29. a4 Ke8 30. Bf6 Nf5 31. a5 Rc8 32. a6 b6 33. Bxc6+ Kf8 34. Rd8+ Rxd8 35. Bxd8 Bc8 36. Bxb6 Bxa6 37. Bxa7 h6 38. gxh6 Nxh6 39. f3 g5 40. b4 f5 41. b5 1-0